The fundamentals of product design/ (Record no. 617240)

000 -LEADER
fixed length control field 00734nam a22002297a 4500
003 - CONTROL NUMBER IDENTIFIER
control field NUST
005 - DATE AND TIME OF LATEST TRANSACTION
control field 20260427153847.0
008 - FIXED-LENGTH DATA ELEMENTS--GENERAL INFORMATION
fixed length control field 260427b ||||| |||| 00| 0 eng d
020 ## - INTERNATIONAL STANDARD BOOK NUMBER
International Standard Book Number 9781350398856
038 ## - RECORD CONTENT LICENSOR
Staff Name Malang Jan
082 ## - DEWEY DECIMAL CLASSIFICATION NUMBER
Classification number 745.2
Author Mark MOR
100 1# - MAIN ENTRY--PERSONAL NAME
Personal name Morris,Richard
9 (RLIN) 86317
245 14 - TITLE STATEMENT
Title The fundamentals of product design/
Statement of responsibility, etc. by Richard Morris
250 ## - EDITION STATEMENT
Edition statement 2nd Edition.
260 ## - PUBLICATION, DISTRIBUTION, ETC.
Place of publication, distribution, etc. London;
Name of publisher, distributor, etc. Bloomsbury Visual Arts:
Date of publication, distribution, etc. 2009.
300 ## - PHYSICAL DESCRIPTION
Extent 184p.;
Other physical details ill;
Dimensions 22cm.
650 ## - SUBJECT ADDED ENTRY--TOPICAL TERM
Source of heading or term Industrial Design, Product Technology & Engineering, Manufacturing
650 ## - SUBJECT ADDED ENTRY--TOPICAL TERM
Source of heading or term Product Management/Development
650 ## - SUBJECT ADDED ENTRY--TOPICAL TERM
Source of heading or term Industrial Design
942 ## - ADDED ENTRY ELEMENTS (KOHA)
Source of classification or shelving scheme
Koha item type Book
Holdings
Withdrawn status Lost status Source of classification or shelving scheme Damaged status Not for loan Permanent Location Current Location Date acquired Source of acquisition Total Checkouts Full call number Barcode Date last seen Cost, replacement price Price effective from Koha item type
          School of Art Design and Architecture (SADA) School of Art Design and Architecture (SADA) 04/14/2026 Golden Book   745.2 MOR 2009 SADA0003072 04/27/2026 8611.00 04/27/2026 Book
© 2023 Central Library, National University of Sciences and Technology. All Rights Reserved.